Theory and practice of communism

Uloženo v:
Podrobná bibliografie
Hlavní autor: Hunt, R. N. Carew
Médium: Kniha
Jazyk:Undetermined
Vydáno: London Geoffrey Bles 1950
Témata:
Tagy: Přidat tag
Žádné tagy, Buďte první, kdo otaguje tento záznam!
Thư viện lưu trữ: Trung tâm Học liệu Trường Đại học Cần Thơ
LEADER 00476nam a2200181Ia 4500
001 CTU_80342
008 210402s9999 xx 000 0 und d
082 |a 335.4309 
082 |b H946 
100 |a Hunt, R. N. Carew 
245 0 |a Theory and practice of communism 
245 0 |c R. N. Carew Hunt 
260 |a London 
260 |b Geoffrey Bles 
260 |c 1950 
650 |a Communism 
904 |i Trọng Hải 
980 |a Trung tâm Học liệu Trường Đại học Cần Thơ